00425cam a22001457a 4500008004000000020001500040082001600055100002000071245005900091260005200150300001000202650002400212650002400236700001900260180718b2008 xxu||||| |||| 00| 0 eng d a8190598804 aT15x54 Sh23 aSharma, Sandhir aConsumer researchcby Sandhir Sharma and Gautam Bansal aDelhibNovatech Scientifics & Informaticsc2008 a274p. aConsumers behaviour aConsumers- Research aBansal, Gautam